| 000 | 00770nac a22001691u 4500 | ||
|---|---|---|---|
| 008 | 100725s ua|||||r|||| 001 0 ara d | ||
| 082 |
_bر ش د _a240 _222 |
||
| 245 |
_aمناهج الأدلة في عقائد الملة: _bمع مقدمة في نقد مدارس علم الكلام/ _cابن رشد ; تقديم وتحقيق محمود قاسم |
||
| 250 | _aط2 | ||
| 260 |
_aالقاهرة: _bمكتبة الأنجلو المصرية ، 1964 _cc1964. |
||
| 300 |
_a259 ص ; _c24 سم |
||
| 490 |
_916669 _aسلسلة في الدراسات الفلسفية والأخلاقية |
||
| 504 | _aيحتوي على مراجع ببليوجرافية وكشاف | ||
| 511 | _aCatalogued by: Sara | ||
| 541 |
_aألف باء ; _cشراء ; |
||
| 942 |
_cBB _k240 ر ش د _2ddc |
||
| 999 |
_c6940 _d6940 |
||